[Event "HUN-chT 0203"]
[Site "?"]
[Date "2003.04.06"]
[Round "10"]
[White "Szieberth Adam"]
[Black "Gal Jozsef"]
[Result "1-0"]
[WhiteElo "2371"]
[BlackElo "2354"]
[PlyCount "71"]
[EventDate "2003.??.??"]
[Source "www.chesslib.no"]
[SourceDate "2004.05.04"]

1. e4 c5 2. Nf3 Nf6 3. e5 Nd5 4. Nc3 e6 5. Nxd5 exd5 6. d4 Nc6 7. dxc5 Bxc5 8. Be2 d6 9. Qxd5 Be6 10. Qe4 Qb6 11. O-O O-O-O 12. exd6 Rxd6 13. c3 a5 14. Ng5 f5 15. Qc2 h6 16. Nxe6 Rxe6 17. Qxf5 Ne7 18. Qc2 Kb8 19. Bf4+ Ka8 20. b4 axb4 21. cxb4 Qxb4 22. Bc4 Rc6 23. Rab1 Qa5 24. Rb5 Qa7 25. Bd3 Rhc8 26. Qd2 Bb6 27. Be4 Rc4 28. Be3 Bxe3 29. fxe3 Nc6 30. Bd5 Rc5 31. Bxc6 R5xc6 32. Ra5 Ra6 33. Rff5 Rxa5 34. Rxa5 Rc1+ 35. Kf2 Rc2 36. Rxa7+ 1-0

[Event "Corr"]
[Site "?"]
[Date "2002.06.15"]
[Round "?"]
[White "Kopelevich Aleksandr Solomono"]
[Black "Muehlenweg Heinz (GER)"]
[Result "1-0"]
[WhiteElo "2431"]
[BlackElo "2291"]
[PlyCount "66"]
[EventDate "2002.??.??"]
[Source "www.chesslib.no"]
[SourceDate "2004.05.04"]

1. e4 c5 2. Nf3 Nf6 3. e5 Nd5 4. Nc3 e6 5. Nxd5 exd5 6. d4 Nc6 7. dxc5 Bxc5 8. Qxd5 Qb6 9. Bc4 Bxf2+ 10. Ke2 O-O 11. Rf1 Bc5 12. Ng5 Nd4+ 13. Kd1 Ne6 14. Ne4 Bg1 15. Nd6 Bxh2 16. g3 Qc6 17. Bf4 Nxf4 18. Rxf4 Bxg3 19. Rf3 Qxd5+ 20. Bxd5 Bh2 21. Nxf7 g6 22. Kd2 Kg7 23. Rh1 Bxe5 24. Nxe5 Rxf3 25. Nxf3 d6 26. Re1 Bg4 27. Re7+ Kh6 28. Rxb7 Bxf3 29. Bxf3 Rf8 30. Bd5 a5 31. Ra7 Rb8 32. b3 Kg5 33. Rxh7 Kf5 1-0

[Event "Hamburg-chI"]
[Site "Hamburg"]
[Date "1998.06.04"]
[Round "7"]
[White "Lamprecht, Frank"]
[Black "Bach, Matthias"]
[Result "1-0"]
[WhiteElo "2395"]
[BlackElo "2320"]
[PlyCount "81"]
[EventDate "1998.05.29"]
[Source "ChessBase"]
[SourceDate "1998.07.07"]

1. e4 c5 2. Nf3 Nf6 3. e5 Nd5 4. Nc3 e6 5. Nxd5 exd5 6. d4 Nc6 7. dxc5 Bxc5 8. Qxd5 d6 9. exd6 Qb6 10. Qe4+ Be6 11. Qh4 f6 12. Bd3 O-O-O 13. O-O Rxd6 14. a3 g5 15. Qh6 Qd8 16. b4 Bb6 17. Be3 Bxe3 18. fxe3 Bg4 19. Nd4 Nxd4 20. exd4 f5 21. Qg7 f4 22. c3 Rg8 23. Qe5 Re8 24. Qc5+ Kb8 25. Rae1 Rde6 26. Rxe6 Rxe6 27. Bxh7 b6 28. Qc4 Qh8 29. Bb1 Rh6 30. Qd5 Rxh2 31. Qe5+ Qxe5 32. dxe5 Rh8 33. Ba2 Re8 34. Re1 Kc7 35. Kf2 b5 36. Bd5 Be6 37. Bxe6 Rxe6 38. Kf3 Kc6 39. Ke4 Rh6 40. Kf5 Rh2 41. e6 1-0

[Event "FIN Team Ch"]
[Site "Finland"]
[Date "1991.??.??"]
[Round "?"]
[White "Paavilainen, Jorma"]
[Black "Westerinen, Heikki M J"]
[Result "1-0"]
[WhiteElo "2300"]
[BlackElo "2410"]
[PlyCount "109"]
[EventDate "1991.??.??"]
[Source "www.chesslib.no"]
[SourceDate "2004.05.04"]

1. e4 c5 2. Nf3 Nf6 3. e5 Nd5 4. Nc3 e6 5. Nxd5 exd5 6. d4 Nc6 7. dxc5 Bxc5 8. Qxd5 d6 9. exd6 Qb6 10. Qe4+ Be6 11. Qh4 Bxd6 12. Bd3 Nb4 13. O-O Nxd3 14. cxd3 O-O 15. Be3 Qxb2 16. Bd4 Qb5 17. Bxg7 Bxh2+ 18. Kxh2 Kxg7 19. Rab1 Qxd3 20. Rfd1 Qg6 21. Rxb7 Qh6 22. Qxh6+ Kxh6 23. Rd6 a5 24. Nd4 Rfd8 25. Rbb6 Kg7 26. Nxe6+ fxe6 27. Rxe6 Rd2 28. Rb7+ Kg8 29. f3 Rf8 30. Kh3 Rf7 31. Re8+ Kg7 32. Ree7 Rxe7 33. Rxe7+ Kg6 34. a4 Ra2 35. Re4 Ra3 36. Kh4 Kf5 37. Rc4 Ra1 38. g4+ Kf6 39. Kg3 Ra3 40. Kf4 Ke6 41. Ke4 Ra1 42. Rc6+ Kd7 43. Rh6 Rxa4+ 44. Ke5 Ra1 45. Rxh7+ Kc6 46. g5 Rg1 47. f4 a4 48. Ra7 Kb5 49. Kf6 Rg4 50. f5 Kb6 51. Ra8 Kb7 52. Rd8 a3 53. Rd2 Kc6 54. g6 Kc5 55. g7 1-0

[Event "Eastern Class Ch 9th"]
[Site "?"]
[Date "2000.??.??"]
[Round "5"]
[White "Mac Intyre Paul"]
[Black "Kelleher William"]
[Result "1-0"]
[WhiteElo "2316"]
[BlackElo "2392"]
[PlyCount "43"]
[EventDate "2000.??.??"]
[Source "www.chesslib.no"]
[SourceDate "2004.05.04"]

1. e4 c5 2. Nf3 Nf6 3. e5 Nd5 4. Nc3 e6 5. Nxd5 exd5 6. d4 Nc6 7. Be2 d6 8. exd6 cxd4 9. Nxd4 Bxd6 10. Be3 O-O 11. O-O Qf6 12. Nb5 Be5 13. c3 Be6 14. f4 Bb8 15. Qd2 Re8 16. Rae1 a6 17. Nd4 Ba7 18. Bf3 Nxd4 19. Bxd4 Bxd4+ 20. Qxd4 Qxd4+ 21. cxd4 f6 22. Rxe6 1-0

[Event "1. Chesspangenberg Open"]
[Site "?"]
[Date "2003.11.05"]
[Round "2"]
[White "Giaccio Alfredo Gustavo"]
[Black "Juarez Alberto"]
[Result "1-0"]
[WhiteElo "2470"]
[BlackElo "2235"]
[PlyCount "55"]
[EventDate "2003.??.??"]
[Source "www.chesslib.no"]
[SourceDate "2004.05.04"]

1. e4 c5 2. Nf3 Nf6 3. e5 Nd5 4. Nc3 e6 5. Nxd5 exd5 6. d4 Nc6 7. dxc5 Bxc5 8. Be2 d6 9. Bf4 Nxe5 10. Nxe5 dxe5 11. Bxe5 O-O 12. O-O Re8 13. Bg3 Bf5 14. Bg4 Bxg4 15. Qxg4 Qb6 16. Rab1 Qc6 17. Rbd1 d4 18. Rfe1 Bb4 19. c3 Rxe1+ 20. Rxe1 Re8 21. Rxe8+ Qxe8 22. h3 d3 23. cxb4 d2 24. Be5 f6 25. Bc3 Qe1+ 26. Kh2 h5 27. Qc8+ Kh7 28. Qc5 1-0

[Event "Lublin-B"]
[Site "Lublin POL"]
[Date "1993.??.??"]
[Round "10"]
[White "Bierenbroodspot, Paul"]
[Black "Bogdanovich, Grigory"]
[Result "0-1"]
[WhiteElo "2280"]
[BlackElo "2425"]
[PlyCount "120"]
[EventDate "1993.??.??"]
[Source "www.chesslib.no"]
[SourceDate "2004.05.04"]

1. e4 c5 2. Nf3 Nf6 3. e5 Nd5 4. Nc3 e6 5. Nxd5 exd5 6. d4 Nc6 7. dxc5 Bxc5 8. Qxd5 d6 9. exd6 Qb6 10. Qe4+ Be6 11. Qh4 f6 12. Bd3 O-O-O 13. O-O Rxd6 14. Be3 Bxe3 15. fxe3 Qxe3+ 16. Kh1 Qb6 17. a3 h5 18. Qg3 Qc7 19. Rae1 Kb8 20. b4 Bg4 21. b5 Bxf3 22. Rxf3 Ne5 23. Rxe5 fxe5 24. Qxe5 Rf6 25. Re3 Rd8 26. h4 Qxe5 27. Rxe5 Rd4 28. Rxh5 Rh6 29. Rxh6 gxh6 30. g3 Kc7 31. Kg2 Kd6 32. Kf3 Ke5 33. g4 Ra4 34. c4 Rxa3 35. Ke3 a5 36. bxa6 bxa6 37. g5 h5 38. g6 Ra1 39. Bc2 Ra3+ 40. Bd3 Ra1 41. Be2 a5 42. Bxh5 Ra3+ 43. Kd2 Rg3 44. c5 a4 45. c6 Kd6 46. Kc2 Kxc6 47. Kb2 Kc5 48. Ka2 Kb4 49. Kb2 Rg2+ 50. Kb1 Kc3 51. g7 Rxg7 52. Ka2 Kb4 53. Bf3 Rd7 54. h5 Rd2+ 55. Ka1 Ka3 56. Be4 Ra2+ 57. Kb1 Re2 58. Bd5 Rb2+ 59. Ka1 Rb5 60. Bc6 Re5 0-1

[Event "Copenhagen Ch"]
[Site "Copenhagen DEN"]
[Date "1981.??.??"]
[Round "6"]
[White "Poulsen, Allan"]
[Black "Brondum, Eric"]
[Result "1-0"]
[WhiteElo "2400"]
[BlackElo "2305"]
[PlyCount "63"]
[EventDate "1981.??.??"]
[Source "www.chesslib.no"]
[SourceDate "2004.05.04"]

1. e4 c5 2. Nf3 Nf6 3. e5 Nd5 4. Nc3 e6 5. Nxd5 exd5 6. d4 Nc6 7. dxc5 Bxc5 8. Qxd5 d6 9. exd6 Qb6 10. Be3 Bxe3 11. fxe3 Qxb2 12. Rd1 O-O 13. Qb3 Qxb3 14. axb3 Bf5 15. Bd3 Bxd3 16. Rxd3 Rac8 17. c3 Rfd8 18. Ke2 f6 19. b4 Rd7 20. Rhd1 g5 21. Rd5 Kf7 22. g4 a6 23. Nd2 Ne5 24. Ne4 b6 25. Nxg5+ fxg5 26. Rxe5 Rxc3 27. Rf1+ Kg6 28. Re6+ Kg7 29. e4 a5 30. Rf5 a4 31. e5 h6 32. Rff6 1-0

[Event "Open Int. du Pays de Charleroi"]
[Site "Marchienne-au-Pont"]
[Date "2003.08.25"]
[Round "4.2"]
[White "Bergez, Luc"]
[Black "Tessier, Olivier"]
[Result "1/2-1/2"]
[WhiteElo "2400"]
[BlackElo "2300"]
[PlyCount "60"]
[EventDate "2003.08.23"]
[Source "Roberto Alvarez"]
[SourceDate "2003.09.29"]

1. e4 c5 2. Nf3 Nf6 3. e5 Nd5 4. Nc3 e6 5. d4 Nc6 6. Nxd5 exd5 7. dxc5 Bxc5 8. Be2 d6 9. Qxd5 Qa5+ 10. Kf1 Be6 11. Qe4 O-O-O 12. c3 Qb6 13. b4 Bxf2 14. a4 a5 15. Bb5 axb4 16. Bxc6 bxc6 17. a5 Qc5 18. Nd4 dxe5 19. Kxf2 exd4 20. cxb4 Qb5 21. Bf4 Rd5 22. a6 Kd7 23. Ra5 Qxb4 24. Rxd5+ Bxd5 25. Qf5+ Be6 26. Qe5 Qb2+ 27. Kg3 Qa3+ 28. Kf2 Qb2+ 29. Kg3 Qa3+ 30. Kf2 Qb2+ 1/2-1/2

[Event "Sevilla Open"]
[Site "Seville ESP"]
[Date "1990.??.??"]
[Round "?"]
[White "Antunes, Antonio"]
[Black "Ramos Suria, Felix"]
[Result "1-0"]
[WhiteElo "2445"]
[BlackElo "2255"]
[PlyCount "67"]
[EventDate "1990.??.??"]
[Source "www.chesslib.no"]
[SourceDate "2004.05.04"]

1. e4 c5 2. Nf3 Nf6 3. e5 Nd5 4. Nc3 e6 5. Nxd5 exd5 6. d4 Nc6 7. c3 d6 8. Bb5 Be7 9. exd6 Qxd6 10. O-O O-O 11. dxc5 Qxc5 12. Be2 Bf6 13. Be3 Qa5 14. Qb3 Rd8 15. Rfd1 Ne7 16. Bd4 Bxd4 17. Nxd4 Bd7 18. Rd2 Rab8 19. Rad1 Bc6 20. Bf3 Qc7 21. g3 Qd7 22. Qb4 Ng6 23. Bg2 a5 24. Qc5 Ne5 25. b3 b6 26. Qa3 Ba8 27. Qb2 b5 28. Re2 Nc6 29. Qd2 Nxd4 30. Qxd4 Qc7 31. Rde1 h6 32. Re7 Rd7 33. Re8+ Rxe8 34. Rxe8+ 1-0

[Event "St Petersburg op"]
[Site "St Petersburg"]
[Date "1994.??.??"]
[Round "7"]
[White "Chuprov, A."]
[Black "Varlamov, Viacheslav"]
[Result "1-0"]
[WhiteElo "2410"]
[BlackElo "2290"]
[PlyCount "111"]
[EventDate "1994.02.??"]
[Source "ChessBase"]

1. e4 c5 2. Nf3 Nf6 3. e5 Nd5 4. Nc3 e6 5. Nxd5 exd5 6. d4 Nc6 7. dxc5 Bxc5 8. Bd3 d6 9. exd6 O-O 10. O-O Qxd6 11. c3 Bd7 12. Bc2 Rfe8 13. Qd3 g6 14. Bb3 d4 15. cxd4 Bxd4 16. Be3 Bf5 17. Qd2 Bc5 18. Bxc5 Qxc5 19. Rac1 Qf8 20. Ng5 Re7 21. Rfe1 Rae8 22. Rxe7 Rxe7 23. Re1 Rxe1+ 24. Qxe1 Nd8 25. Qe5 h6 26. Ne4 Bxe4 27. Qxe4 Qd6 28. Qe3 Kg7 29. Qc3+ Qf6 30. Qxf6+ Kxf6 31. Kf1 Ke5 32. Ke2 g5 33. Ke3 f5 34. g3 Ne6 35. Bxe6 Kxe6 36. Kd4 Kd6 37. a4 b6 38. f3 h5 39. h3 a6 40. g4 hxg4 41. hxg4 Ke6 42. b3 f4 43. b4 Kd6 44. Kc4 Ke5 45. a5 Kd6 46. axb6 Kc6 47. b7 Kxb7 48. b5 a5 49. Kc5 Kc7 50. b6+ Kb7 51. Kb5 a4 52. Kxa4 Kxb6 53. Kb4 Kc6 54. Kc4 Kd6 55. Kd4 Ke6 56. Ke4 1-0

[Event "Budapest Spring Open"]
[Site "Budapest HUN"]
[Date "1994.??.??"]
[Round "8"]
[White "Feher, Gyula"]
[Black "Varlamov, Viacheslav"]
[Result "1/2-1/2"]
[WhiteElo "2400"]
[BlackElo "2290"]
[PlyCount "44"]
[EventDate "1994.03.??"]
[Source "www.chesslib.no"]
[SourceDate "2004.05.04"]

1. e4 c5 2. Nf3 Nf6 3. e5 Nd5 4. Nc3 e6 5. Nxd5 exd5 6. d4 Nc6 7. dxc5 Bxc5 8. Qxd5 Qb6 9. Bc4 Bxf2+ 10. Kd1 O-O 11. Qb5 Qxb5 12. Bxb5 Nd4 13. Rf1 Nxf3 14. gxf3 Bd4 15. f4 d6 16. c3 Bb6 17. Kc2 Bf5+ 18. Kb3 Rfd8 19. Re1 a6 20. Bf1 dxe5 21. fxe5 Be6+ 22. Kc2 f5 1/2-1/2

[Event "AUT-chT qual"]
[Site "Vienna"]
[Date "1997.??.??"]
[Round "1"]
[White "Schlosser, Michael"]
[Black "Kummer, Helmut"]
[Result "1/2-1/2"]
[WhiteElo "2340"]
[BlackElo "2350"]
[PlyCount "51"]
[EventDate "1997.??.??"]
[Source "www.chesslib.no"]
[SourceDate "2004.05.04"]

1. e4 c5 2. Nf3 Nf6 3. e5 Nd5 4. Nc3 e6 5. Nxd5 exd5 6. d4 Nc6 7. dxc5 Bxc5 8. Qxd5 Qb6 9. Bc4 Bxf2+ 10. Ke2 O-O 11. Rf1 Bc5 12. Ng5 Nd4+ 13. Kd1 Ne6 14. Ne4 d6 15. exd6 Rd8 16. Bd3 Bxd6 17. Qf5 Nf4 18. Nf6+ gxf6 19. Qxh7+ Kf8 20. Qh6+ Ke7 21. Bxf4 Qxb2 22. Ke2 Bxf4 23. Qxf4 Qe5+ 24. Qe3 Be6 25. Rab1 b6 26. Rb4 1/2-1/2

[Event "DDR-ch 32th"]
[Site "Cottbus"]
[Date "1983.??.??"]
[Round "?"]
[White "Goldberg, Alexander"]
[Black "Paehtz, Thomas Sr"]
[Result "0-1"]
[WhiteElo "2290"]
[BlackElo "2395"]
[PlyCount "74"]
[EventDate "1983.02.??"]
[Source "ChessBase"]

1. e4 c5 2. Nf3 e6 3. Nc3 Nf6 4. e5 Nd5 5. Nxd5 exd5 6. d4 Nc6 7. Bd3 cxd4 8. O-O Be7 9. b3 d6 10. exd6 Qxd6 11. Ng5 h6 12. Nf3 Bg4 13. h3 Bh5 14. a4 Qf6 15. g4 Bg6 16. Re1 Bxd3 17. Qxd3 O-O 18. Bb2 Bb4 19. Red1 Bc3 20. Bxc3 dxc3 21. Nd4 Rae8 22. Qxc3 Re4 23. Nb5 Ne5 24. Kg2 Re2 25. Rf1 Qf4 26. Nd4 Rd2 27. Rad1 Nxg4 28. Nf3 Rxf2+ 29. Rxf2 Ne3+ 30. Qxe3 Qxe3 31. Rxd5 Re8 32. Rd3 Qe4 33. Rd4 Qe3 34. Rg4 f5 35. Rg3 Qe4 36. h4 Rc8 37. c4 Rd8 0-1